000 00480nam a2200205Ia 4500
003 GCL
008 140319s9999 xx 000 0 eng d
040 _aGCL /
_cGCL
082 0 4 _a759
_bH V
100 1 _aHAMMACHER, A. M.
245 1 0 _aVINCENT /
_cHAMMACHER, A. M.
260 _a[S.N] :
_bSPRING BOOK ،
_c1961
300 _a48 PP
490 _aSPRING ART BOOKS
_v0
650 0 4 _aARTS
650 0 4 _aPAINTING
650 0 4 _aPAINTERS
650 0 4 _aVINCENT
942 _2ddc
_cBK
999 _c20324
_d20324